000 00715nam a2200193Ia 4500
001 59032
008 150831n ii |||gr||||Z||||||asm
082 _a954.162
100 _aAkdas Ali Mir (Editor &Compiled),
_eEditor.,
245 0 _aAithihasic Patabhumit Asomor Aitijyamandita Islamdharmi Sakal Vol-1v, AD 1857-2010
_cAkdas Ali Mir (Editor &Compiled)
_hTextual Documents
250 _aIst--2010.
260 _a[Lakhtokia:
_bRoushanara Edn Foundation.
300 _a521pg:
_bill, Photograph;
_c23cm.
653 _aHistory
653 _aG-History
653 _aAithihasic Patabhumit Asomor Aitijyamandita Islamdharmi Sakal Vol-1v, AD 1857-2010
653 _aGrowth &Formation Assamese Society
942 _2ddc
_cBK
999 _c58917
_d58917